| 000 | 00657nam a2200205Ii 4500 | ||
|---|---|---|---|
| 003 | JO-AjNU | ||
| 008 | 230605s9999||||xx |||||||||||||| ||und|| | ||
| 017 | _a1999/3/344 | ||
| 040 |
_aJO-AjNU _bara _erda _cJO-AjNU |
||
| 041 | _aara | ||
| 050 | 1 | 4 | _aPJ7745.J2.B85 1999 |
| 100 | 3 |
_aتأليف الجاحظ،أبو عثمان بن بحر, _eauthor _98478 |
|
| 245 | 0 | 0 | _aالبخلاء |
| 264 | 3 | 1 | _aعمان:دار الإسراء،1999 |
| 300 | _a104ص | ||
| 336 |
_atext _btxt _2rdacontent |
||
| 337 |
_aunmediated _bn _2rdamedia |
||
| 338 |
_avolume _bnc _2rdacarrier |
||
| 650 | 4 |
_a البخل - الأدب العربي - القصص والنوادر _98479 |
|
| 999 |
_aA809 _c4377 _d4377 |
||